000 00327pam a2200145 a 4500
020 _c
041 _aeng
082 _a616.9201
_bDEL
100 _aDela Maza .
245 _aColor Atlas of Medical Bacteriology
_hTextual Documents
250 _a2013.
260 _a[s.l]:
_bASM Press .
300 _a353p.
930 _a1069
999 _c77994
_d77994